|
|
|
|
| LEADER |
00000nam0a2200000 4500 |
| 001 |
33612 |
| 005 |
20231101210157.0 |
| 010 |
|
|
|a 5060004511
|
| 035 |
|
|
|a (RuTPU)RU\TPU\book\33967
|
| 035 |
|
|
|a BOOK00000618
|
| 090 |
|
|
|a 33612
|
| 100 |
|
|
|a 20011210d1989 m y0rusy50 ca
|
| 101 |
0 |
|
|a rus
|
| 102 |
|
|
|a RU
|
| 105 |
|
|
|a y j 000zy
|
| 200 |
1 |
|
|a Тепловые, гидравлические и аэродинамические расчеты в электрических машинах
|e учебное пособие
|f Г. А. Сипайлов, Д. И. Санников, В. А. Жадан
|
| 210 |
|
|
|a Москва
|c Высшая школа
|d 1989
|
| 215 |
|
|
|a 239 с.
|
| 606 |
|
|
|a Электрические машины
|x Расчет
|2 stltpush
|3 (RuTPU)RU\TPU\subj\27133
|9 50931
|
| 610 |
1 |
|
|a тепловые расчеты
|
| 610 |
1 |
|
|a гидравлические расчеты
|
| 610 |
1 |
|
|a аэродинамические расчеты
|
| 610 |
1 |
|
|a программирование на ЭВМ
|
| 610 |
1 |
|
|a учебные пособия
|
| 610 |
1 |
|
|a труды учёных ТПУ
|
| 675 |
|
|
|a 621.313.001.24(075.8)
|v 3
|
| 700 |
|
1 |
|a Сипайлов
|b Г. А.
|c специалист в области электромеханики
|c профессор Томского политехнического университета
|f 1920-2004
|g Геннадий Антонович
|2 stltpush
|3 (RuTPU)RU\TPU\pers\12400
|
| 701 |
|
1 |
|a Санников
|b Д. И.
|g Дмитрий Иванович
|
| 701 |
|
1 |
|a Жадан
|b В. А.
|c специалист в области организации высшего профессионального образования
|c начальник учебно-методического отдела Томского политехнического университета
|f 1940-
|g Валерий Афанасьевич
|2 stltpush
|3 (RuTPU)RU\TPU\pers\26828
|
| 801 |
|
0 |
|a RU
|b 63413507
|c 20011210
|g PSBO
|
| 801 |
|
2 |
|a RU
|b 63413507
|c 20210528
|g PSBO
|
| 900 |
|
|
|a Электрические машины
|
| 900 |
|
|
|a Теплообмен в электрических аппаратах
|
| 900 |
|
|
|a Теплообмен в электрических машинах
|
| 942 |
|
|
|c BK
|